[Event "IX EICC"]
[Site "Plovdiv BUL"]
[Date "2008.04.21"]
[Round "1"]
[White "Roiz,M"]
[Black "Stanojoski,Z"]
[Result "1/2-1/2"]
[WhiteElo "2659"]
[BlackElo "2506"]
[EventDate "2008.04.21"]

1. Nf3 Nf6 2. c4 c5 3. g3 Nc6 4. Bg2 d5 5. cxd5 Nxd5 6. d4 cxd4 7. Nxd4
Ndb4 8. Nxc6 Qxd1+ 9. Kxd1 Nxc6 10. Nc3 Bf5 11. Bxc6+ bxc6 12. f3 O-O-O+
13. Ke1 e5 14. Be3 Kb7 15. Kf2 Bb4 16. Na4 Bd2 17. Rhd1 Bxe3+ 18. Kxe3 Bc2
19. Nc5+ Kb6 20. Rdc1 Kxc5 21. Rxc2+ Kb6 22. Rac1 Rd6 23. Rc4 Rb8 24. Rh4
h6 25. Ra4 a6 26. Rc3 Ka7 27. b3 Rb5 28. h4 Kb6 29. g4 g6 30. g5 hxg5 31.
hxg5 Rd4 32. Rac4 Rxc4 33. Rxc4 Kc7 34. Ra4 a5 35. Kd3 Rd5+ 36. Kc3 Kd6 37.
b4 axb4+ 38. Rxb4 Ra5 39. a4 Ra7 40. Kb3 c5 41. Rb8 e4 42. f4 e3 43. Re8
Rb7+ 44. Ka3 Rb4 45. a5 Rb5 46. Ka4 Rb4+ 47. Ka3 Rb5 48. Ka4 Rb4+ 49. Ka3
1/2-1/2

[Event "IX EICC"]
[Site "Plovdiv BUL"]
[Date "2008.04.21"]
[Round "1"]
[White "Fressinet,L"]
[Black "Mateuta,G"]
[Result "1-0"]
[WhiteElo "2656"]
[BlackElo "2504"]
[EventDate "2008.04.21"]

1. d4 Nf6 2. Nf3 c6 3. c4 b5 4. cxb5 cxb5 5. Bg5 Bb7 6. Nbd2 a6 7. a4 b4 8.
Rc1 e6 9. e4 h6 10. Bxf6 Qxf6 11. Bd3 Nc6 12. d5 Ne5 13. Nxe5 Qxe5 14. Nc4
Qd4 15. O-O Be7 16. a5 Rc8 17. dxe6 fxe6 18. Qh5+ Kd8 19. Ne5 Rf8 20. Nf7+
Rxf7 21. Qxf7 Rxc1 22. Rxc1 Bc6 23. Qg8+ Kc7 24. Bxa6 Bd8 25. Qf8 Qxb2 26.
Rd1 Qe5 27. Qxb4 1-0

[Event "IX EICC"]
[Site "Plovdiv BUL"]
[Date "2008.04.21"]
[Round "1"]
[White "Vokarev,S"]
[Black "Moiseenko,A1"]
[Result "1/2-1/2"]
[WhiteElo "2502"]
[BlackElo "2650"]
[EventDate "2008.04.21"]

1. e4 c5 2. Nf3 Nc6 3. d4 cxd4 4. Nxd4 Nf6 5. Nc3 e5 6. Ndb5 d6 7. Bg5 a6
8. Na3 b5 9. Nd5 Be7 10. Bxf6 Bxf6 11. c4 b4 12. Nc2 a5 13. Be2 Bg5 14. O-O
O-O 15. Qd3 Be6 16. a3 bxa3 17. Rxa3 Rb8 18. b3 Kh8 19. Rd1 f5 20. Bf3 f4
21. Qe2 Bh4 22. Nc3 Qb6 23. Nb5 Be7 24. Ra2 Nd8 25. Bg4 Bg8 26. Ne1 Nb7 27.
Nd3 g6 28. Nb2 h5 29. Na4 Qc6 30. Bf3 Kg7 1/2-1/2

[Event "IX EICC"]
[Site "Plovdiv BUL"]
[Date "2008.04.21"]
[Round "1"]
[White "Ivanisevic,I"]
[Black "Kosic,D"]
[Result "1/2-1/2"]
[WhiteElo "2649"]
[BlackElo "2500"]
[EventDate "2008.04.21"]

1. d4 e6 2. c4 Bb4+ 3. Nc3 c5 4. Nf3 Nf6 5. g3 O-O 6. Bg2 cxd4 7. Nxd4 d5
8. Qb3 Qa5 9. Bd2 Nc6 10. Nc2 dxc4 11. Qxc4 Qc5 12. Qxc5 Bxc5 13. O-O Rd8
14. Rfd1 Bd7 15. Be3 Bxe3 16. Nxe3 Rab8 17. Nc4 Kf8 18. Nd6 Ke7 19. Rd2 Ne8
20. Nde4 Ne5 21. Nc5 Bc6 22. Rxd8 Rxd8 23. Nxb7 Bxb7 24. Bxb7 Rb8 25. Be4
Rxb2 26. f4 Nc4 27. Bd3 Na3 28. Nd1 Rb7 29. Kf2 Rc7 30. Ne3 h5 31. h3 Nd6
32. g4 hxg4 33. hxg4 Nb7 34. Kf3 Nc5 35. Rc1 Na6 36. Rxc7+ Nxc7 37. Ke4
Nab5 38. Bxb5 Nxb5 39. Kd3 Kd6 40. Kc4 Kc6 41. g5 1/2-1/2

[Event "IX EICC"]
[Site "Plovdiv BUL"]
[Date "2008.04.21"]
[Round "1"]
[White "Baklan,V"]
[Black "Colovic,A"]
[Result "1/2-1/2"]
[WhiteElo "2647"]
[BlackElo "2493"]
[EventDate "2008.04.21"]

1. e4 e5 2. Nf3 Nf6 3. Nc3 Nc6 4. g3 Bc5 5. Bg2 d6 6. d3 a6 7. O-O Be6 8.
Be3 Bxe3 9. fxe3 Ne7 10. Nh4 c6 11. d4 Qc7 12. Qd2 Rd8 13. Rad1 O-O 14. a4
d5 15. exd5 cxd5 16. dxe5 Ng4 17. Nf3 Nc6 18. h3 Ngxe5 19. Nxe5 Qxe5 20.
Qf2 Rd7 21. Qf4 Rfd8 22. Rf2 Qxf4 23. exf4 d4 24. Ne4 b6 25. Nf6+ gxf6 26.
Bxc6 Rd6 27. Bb7 a5 28. f5 Bd7 29. b3 Bc6 30. Ba6 Re8 31. Rf4 Re4 32. Rxe4
Bxe4 33. Bd3 Bxd3 34. Rxd3 Rc6 35. Rxd4 Rxc2 36. Rd6 Rc3 37. Rxb6 Rxg3+ 38.
Kh2 Re3 39. Rxf6 Rxb3 40. Ra6 Kg7 41. Rxa5 Ra3 42. Ra6 Rf3 43. f6+ Kg6 44.
Kg2 Ra3 45. h4 Kh5 46. Ra7 Kxh4 47. Rxf7 Kg5 48. Rxh7 1/2-1/2

[Event "IX EICC"]
[Site "Plovdiv BUL"]
[Date "2008.04.21"]
[Round "1"]
[White "Sargissian,G"]
[Black "Skoberne,J"]
[Result "1-0"]
[WhiteElo "2643"]
[BlackElo "2492"]
[EventDate "2008.04.21"]

1. d4 d5 2. c4 c6 3. Nf3 Nf6 4. e3 a6 5. Nc3 b5 6. c5 g6 7. Bd3 Bg7 8. e4
dxe4 9. Nxe4 Nxe4 10. Bxe4 O-O 11. a4 b4 12. O-O Ra7 13. a5 Bg4 14. Ra4
Bxf3 15. Bxf3 Bxd4 16. Rxb4 Rd7 17. Qa4 Bxc5 18. Rc4 Bd4 19. Bh6 Re8 20.
Bxc6 Nxc6 21. Rxc6 Rb7 22. b3 Qd7 23. Qc4 Rxb3 24. Qxa6 e5 25. Rd6 Qf5 26.
Rf6 Qc8 27. Qd6 Rd8 28. Qe7 Rb7 29. Qa3 e4 30. Rd6 Be5 31. Rxd8+ Qxd8 32.
a6 Rb5 33. Qa4 Ra5 34. Rd1 Bxh2+ 35. Kf1 Bd6 36. Rxd6 1-0

[Event "IX EICC"]
[Site "Plovdiv BUL"]
[Date "2008.04.21"]
[Round "1"]
[White "Sulashvili,M"]
[Black "Miroshnichenko,E"]
[Result "0-1"]
[WhiteElo "2491"]
[BlackElo "2642"]
[EventDate "2008.04.21"]

1. d4 Nf6 2. Nf3 g6 3. c4 Bg7 4. g3 c6 5. Bg2 Qa5+ 6. Nc3 O-O 7. O-O d6 8.
Nd2 Na6 9. Nb3 Qb4 10. Qd3 Be6 11. d5 cxd5 12. cxd5 Bd7 13. h3 Rfc8 14. Bd2
Ba4 15. Nxa4 Qxa4 16. Bc3 Nc5 17. Qe3 Qe8 18. Nxc5 Rxc5 19. Rfd1 Nd7 20.
Bxg7 Kxg7 21. Rac1 a5 22. h4 Rac8 23. Bh3 f5 24. h5 Nf6 25. Rxc5 Rxc5 26.
hxg6 hxg6 27. Rd4 Rxd5 28. Rxd5 Nxd5 29. Qd2 Nb4 30. Bg2 Qb5 31. Qe3 Qe5
32. Qxe5+ dxe5 33. a3 Nc6 34. Bxc6 bxc6 35. b3 Kf6 36. Kf1 e4 37. e3 Kg5
38. Ke2 Kg4 39. b4 a4 40. Kd2 Kf3 41. Kc3 0-1

[Event "IX EICC"]
[Site "Plovdiv BUL"]
[Date "2008.04.21"]
[Round "1"]
[White "Delchev,A"]
[Black "Rasmussen,Kar"]
[Result "1-0"]
[WhiteElo "2639"]
[BlackElo "2486"]
[EventDate "2008.04.21"]

1. d4 d5 2. Nf3 Nf6 3. c4 c6 4. e3 e6 5. b3 c5 6. Bb2 cxd4 7. exd4 Bb4+ 8.
Nbd2 b6 9. Bd3 Bb7 10. O-O O-O 11. a3 Be7 12. Re1 Nc6 13. Rc1 dxc4 14. bxc4
Rc8 15. Nf1 Qd6 16. Ne3 Rfd8 17. d5 Na5 18. Nd4 Bf8 19. Ndf5 exf5 20. Nxf5
Qf4 21. Bxf6 gxf6 22. g3 Qxc1 23. Qxc1 Nxc4 24. Ne7+ Bxe7 25. Qh6 1-0

[Event "IX EICC"]
[Site "Plovdiv BUL"]
[Date "2008.04.21"]
[Round "1"]
[White "Papadopoulos,I"]
[Black "Asrian,K"]
[Result "1/2-1/2"]
[WhiteElo "2471"]
[BlackElo "2630"]
[EventDate "2008.04.21"]

1. e4 c6 2. d4 d5 3. Nc3 dxe4 4. Nxe4 Bf5 5. Ng3 Bg6 6. h4 h6 7. Nf3 Nd7 8.
h5 Bh7 9. Bd3 Bxd3 10. Qxd3 e6 11. Bf4 Qa5+ 12. Bd2 Bb4 13. Ne4 Bxd2+ 14.
Nfxd2 Ngf6 15. Nd6+ Ke7 16. N6c4 Qc7 17. Ne4 c5 18. dxc5 Nxc5 19. Qg3 Qxg3
20. Nxg3 Rhd8 21. Rh4 Rac8 22. Ne3 b5 23. Rd1 Na4 24. Rxd8 Rxd8 25. Rb4 a6
26. c4 Nc5 27. Kf1 Nd3 28. Rb3 Nc1 29. Ra3 bxc4 30. Rxa6 Ng4 31. Ra7+ Kf8
32. Ne4 Nxe3+ 33. fxe3 Rd1+ 34. Kf2 Nd3+ 35. Ke2 Rg1 36. Ra8+ Ke7 37. Ra7+
Kd8 38. Rxf7 Rxg2+ 39. Kf1 Rxb2 40. Rxg7 Rxa2 41. Rg6 Kd7 42. Rxh6 Rh2 43.
Rh7+ Kc6 44. Rh8 Kd5 45. Nf6+ Kd6 46. h6 Rf2+ 47. Kg1 Rxf6 48. h7 Rh6 49.
Rd8+ Ke5 50. h8=Q+ Rxh8 51. Rxh8 Ke4 52. Rh4+ Kxe3 53. Rxc4 1/2-1/2

[Event "IX EICC"]
[Site "Plovdiv BUL"]
[Date "2008.04.21"]
[Round "1"]
[White "Magalashvili,Da"]
[Black "Istratescu,A"]
[Result "1/2-1/2"]
[WhiteElo "2462"]
[BlackElo "2628"]
[EventDate "2008.04.21"]

1. Nf3 d5 2. d4 Nf6 3. c4 e6 4. Nc3 dxc4 5. e3 a6 6. Bxc4 c5 7. O-O b5 8.
Bd3 Bb7 9. Qe2 Nbd7 10. Rd1 Qb8 11. h3 Be7 12. b3 O-O 13. Bb2 cxd4 14. Nxd4
Nc5 15. Bc2 b4 16. Nb1 a5 17. Nd2 a4 18. Rac1 axb3 19. axb3 Rc8 20. Nc4 Bd5
21. Bb1 Bf8 22. Nd2 e5 23. e4 Ncxe4 24. Nxe4 Nxe4 25. Rxc8 Qxc8 26. Bxe4
Bxe4 27. Qxe4 exd4 28. Rc1 1/2-1/2

[Event "IX EICC"]
[Site "Plovdiv BUL"]
[Date "2008.04.21"]
[Round "1"]
[White "Khmelniker,I"]
[Black "Kobalia,M"]
[Result "1/2-1/2"]
[WhiteElo "2459"]
[BlackElo "2627"]
[EventDate "2008.04.21"]

1. d4 d5 2. Nf3 Nf6 3. c4 c6 4. e3 e6 5. Bd3 dxc4 6. Bxc4 Nbd7 7. O-O Bd6
8. Re1 O-O 9. e4 e5 10. Bg5 Qc7 11. h3 exd4 12. Nxd4 h6 13. Bxf6 Nxf6 14.
Nf3 Re8 15. Nc3 Nd7 16. Rc1 Bf4 17. Rc2 Ne5 18. Bb3 Qe7 19. Nxe5 Bxe5 20.
Qh5 Qf6 21. Re3 Be6 22. Rf3 Qg5 23. Qxg5 hxg5 24. Bxe6 Rxe6 25. Rd2 Rae8
26. Rd7 R6e7 27. Rfd3 f6 28. f3 Kf7 29. Kf2 Rxd7 30. Rxd7+ Re7 31. Rd8 Bc7
32. Rd3 Ke6 33. Ne2 Bb6+ 34. Ke1 Rd7 35. Rxd7 Kxd7 36. Kd2 Bc7 37. Kd3 Be5
38. b3 Kd6 39. g3 Ke7 40. f4 gxf4 41. gxf4 Bd6 42. h4 g6 43. Ke3 Kf7 44.
Kf3 Bc5 45. Kg4 b5 46. f5 Bf2 47. fxg6+ Kxg6 48. Nf4+ Kh6 49. Ne6 Bb6 50.
b4 Bf2 51. Kf5 Bxh4 52. Nd4 Bf2 53. Nxc6 Kg7 54. Ke6 Kg6 55. Ne7+ Kg5 56.
Nd5 Be1 57. Kd7 a5 58. bxa5 Bxa5 59. Kc6 Bd8 60. Kxb5 f5 61. e5 f4 62. Kc4
f3 63. e6 f2 1/2-1/2

[Event "IX EICC"]
[Site "Plovdiv BUL"]
[Date "2008.04.21"]
[Round "1"]
[White "Mamedov,Rau"]
[Black "Damaso,R"]
[Result "1-0"]
[WhiteElo "2617"]
[BlackElo "2449"]
[EventDate "2008.04.21"]

1. e4 c5 2. Nf3 Nc6 3. d4 cxd4 4. Nxd4 e5 5. Nb5 d6 6. N1c3 a6 7. Na3 b5 8.
Nd5 Nce7 9. Nb4 Nf6 10. c4 d5 11. exd5 a5 12. Nxb5 axb4 13. d6 Ned5 14.
cxd5 Bxd6 15. Bc4 O-O 16. O-O Bc5 17. Qe2 Bg4 18. Qxe5 Re8 19. Qc7 Bb6 20.
Qxd8 Raxd8 21. d6 Be2 22. Bxe2 Rxe2 23. Be3 Bxe3 24. fxe3 Rxb2 25. Rfb1 1-0

[Event "IX EICC"]
[Site "Plovdiv BUL"]
[Date "2008.04.21"]
[Round "1"]
[White "Sarakauskas,G"]
[Black "Pantsulaia,L"]
[Result "0-1"]
[WhiteElo "2449"]
[BlackElo "2617"]
[EventDate "2008.04.21"]

1. e4 c6 2. d4 d5 3. exd5 cxd5 4. Bd3 Nf6 5. c3 Bg4 6. Qb3 Qc7 7. h3 Bd7 8.
Ne2 Bc6 9. Bf4 Qd7 10. Qd1 Bb5 11. Bc2 e6 12. O-O Bd6 13. Bxd6 Qxd6 14. Re1
Bxe2 15. Qxe2 Nc6 16. Nd2 O-O 17. Nf3 Qc7 18. Ne5 Nxe5 19. dxe5 Nd7 20.
Rad1 b5 21. Rd4 Rfb8 22. f4 g6 23. Bd3 Qc5 24. Qf2 a5 25. Rd1 Rb7 26. Bf1
Rc8 27. R1d2 Nb8 28. Rd1 Rcc7 29. a3 Qe7 30. R4d2 Nd7 31. g4 b4 32. axb4
axb4 33. cxb4 Rxb4 34. Rd4 Rcb7 35. R1d2 g5 36. Qe3 Rxd4 37. Rxd4 Rxb2 38.
f5 h6 39. Qc3 Rb1 40. Qc8+ Nf8 41. Ra4 exf5 42. Qxf5 Re1 43. Qd3 Rxe5 44.
Ra5 Qd6 45. Qb5 Ng6 46. Ra6 Qe7 47. Qb8+ Kg7 48. Ra8 Nf8 49. Ra5 Ng6 50.
Ra8 Qc5+ 51. Kg2 Re6 52. Qg8+ Kf6 53. Qd8+ Qe7 54. Kf3 Qxd8 55. Rxd8 Ke5
56. Bd3 Nf4 57. Bf5 Ra6 0-1

[Event "IX EICC"]
[Site "Plovdiv BUL"]
[Date "2008.04.21"]
[Round "1"]
[White "Collas,D"]
[Black "Vitiugov,N"]
[Result "1/2-1/2"]
[WhiteElo "2446"]
[BlackElo "2617"]
[EventDate "2008.04.21"]

1. Nf3 d5 2. d4 Nf6 3. c4 e6 4. Bg5 Nbd7 5. e3 Bb4+ 6. Nbd2 h6 7. Bh4 c5 8.
cxd5 exd5 9. dxc5 O-O 10. a3 Bxd2+ 11. Qxd2 g5 12. Bg3 Nxc5 13. Rd1 Bd7 14.
b4 Nce4 15. Qb2 Rc8 16. Bd3 Nc3 17. Rc1 Na4 18. Qa1 Rxc1+ 19. Qxc1 Qb6 20.
O-O Ne4 21. Be5 Rc8 22. Qa1 f6 23. Bd4 Qe6 24. Rc1 Rxc1+ 25. Qxc1 Nb6 26.
Bxb6 Qxb6 27. Bxe4 dxe4 28. Nd4 Qd6 29. h3 h5 30. Qc2 Qe5 31. b5 h4 32. Qa4
Qc5 33. Qa5 Kf7 34. a4 Ke7 35. Qd2 Be6 36. Qb2 Bd7 37. Qb1 Qd5 38. Qb4+ Qd6
39. Qc4 Be6 40. Qc2 Qe5 41. a5 Bd7 42. Qc4 f5 43. a6 b6 44. Nc6+ Bxc6 45.
Qxc6 Qa1+ 1/2-1/2

[Event "IX EICC"]
[Site "Plovdiv BUL"]
[Date "2008.04.21"]
[Round "1"]
[White "Kovacevic,A"]
[Black "Zherebukh,Y"]
[Result "1-0"]
[WhiteElo "2616"]
[BlackElo "2446"]
[EventDate "2008.04.21"]

1. Nf3 Nf6 2. c4 c5 3. g3 Nc6 4. Bg2 d5 5. cxd5 Nxd5 6. Nc3 Nc7 7. Qa4 Bd7
8. Qe4 g6 9. Ne5 Bg7 10. Nxd7 Qxd7 11. O-O Rb8 12. a3 O-O 13. Rb1 a5 14.
Qc4 b6 15. d3 Nd4 16. e3 Nde6 17. a4 Rfd8 18. Rd1 b5 19. axb5 Nxb5 20. Ra1
Nd6 21. Qa2 Rb4 22. Qxa5 Rdb8 23. Qa6 Rb3 24. Ra3 Nc7 25. Qa5 Bxc3 26. bxc3
Rb1 27. Ra1 Ne6 28. Rxb1 Rxb1 29. h4 Nf5 30. c4 Rb3 31. Be4 Nxh4 32. Qa8+
Kg7 33. Qa2 Ng5 34. Qxb3 Qh3 35. gxh4 1-0

[Event "IX EICC"]
[Site "Plovdiv BUL"]
[Date "2008.04.21"]
[Round "1"]
[White "Butnorius,A"]
[Black "Petrosian,TL"]
[Result "1/2-1/2"]
[WhiteElo "2442"]
[BlackElo "2616"]
[EventDate "2008.04.21"]

1. c4 e5 2. Nc3 Nc6 3. Nf3 Nf6 4. g3 d5 5. cxd5 Nxd5 6. Bg2 Nb6 7. O-O Be7
8. d3 O-O 9. Be3 Be6 10. Qc1 f5 11. Bg5 h6 12. Bxe7 Qxe7 13. a3 a5 14. e3
a4 15. d4 e4 16. Nd2 Na5 17. Qc2 Nb3 18. Nxb3 Bxb3 19. Qd2 Nc4 20. Qe2 c5
21. Rac1 cxd4 22. exd4 Rac8 23. f3 Qd6 24. fxe4 Qxd4+ 25. Qf2 Qxf2+ 26.
Rxf2 Ne5 27. Rxf5 Rfe8 28. Bf1 g6 29. Rf6 Red8 30. Re1 Kg7 31. Rf2 g5 32.
h3 Rc7 33. Kg2 g4 34. hxg4 Nxg4 35. Rf4 Rd2+ 36. Re2 Ne3+ 37. Kg1 Nxf1 38.
Rxf1 Rxe2 39. Nxe2 Rc2 40. Nd4 Rxb2 41. Rf2 Rb1+ 42. Rf1 Rb2 43. Rf2 Rb1+
44. Rf1 Rb2 1/2-1/2

[Event "IX EICC"]
[Site "Plovdiv BUL"]
[Date "2008.04.21"]
[Round "1"]
[White "Bratanov,Z"]
[Black "Kryvoruchko,Y"]
[Result "0-1"]
[WhiteElo "2440"]
[BlackElo "2612"]
[EventDate "2008.04.21"]

1. Nf3 c5 2. c4 Nc6 3. Nc3 e5 4. g3 g6 5. Bg2 Bg7 6. O-O Nge7 7. d3 O-O 8.
Ne1 d6 9. Nc2 Be6 10. Ne3 Qd7 11. Ned5 Rab8 12. Rb1 a5 13. Qa4 Qd8 14. Bg5
f6 15. Bd2 Bd7 16. Qd1 Nxd5 17. Bxd5+ Kh8 18. a3 f5 19. Bg2 h6 20. e3 Kh7
21. f4 Re8 22. Qf3 Ne7 23. Qf2 Bc6 24. Bxc6 bxc6 25. Na4 Ng8 26. h3 e4 27.
dxe4 Rxe4 28. b3 Nf6 29. Qf3 Qc7 30. Kh1 Re7 31. Nc3 Qd7 32. Be1 d5 33. Na4
dxc4 34. Nxc5 Qe8 35. Bf2 c3 36. b4 axb4 37. Rxb4 Rxb4 38. axb4 Ne4 39.
Nxe4 Rxe4 40. Rc1 Rxb4 41. g4 Qe6 42. Kg1 Rb2 0-1

[Event "IX EICC"]
[Site "Plovdiv BUL"]
[Date "2008.04.21"]
[Round "1"]
[White "Kritz,L"]
[Black "Kaplan,S"]
[Result "1/2-1/2"]
[WhiteElo "2609"]
[BlackElo "2428"]
[EventDate "2008.04.21"]

1. e4 e5 2. Nf3 Nc6 3. Bb5 a6 4. Ba4 Nf6 5. O-O Be7 6. Re1 b5 7. Bb3 O-O 8.
h3 Bb7 9. d3 d6 10. a3 Na5 11. Ba2 c5 12. Nbd2 Nc6 13. Nf1 Bc8 14. Ne3 Be6
15. Nd5 Nd4 16. Nd2 Nxd5 17. exd5 Bd7 18. Ne4 Kh8 19. c3 Nf5 20. f4 Bh4 21.
Rf1 Ng3 22. Nxg3 Bxg3 23. f5 Qh4 24. Qg4 h5 25. Qxh4 Bxh4 26. Be3 Rae8 27.
g4 g6 28. f6 hxg4 29. hxg4 Bxg4 30. Kg2 e4 31. Rf4 Bf3+ 32. Kh3 g5 33. Rf5
Bh5 34. d4 cxd4 35. cxd4 Bg6 36. Rff1 Rc8 37. Bb3 Bh5 38. Rac1 Kh7 39. Rc6
Rcd8 40. Bc2 Rfe8 41. Rxa6 Kg6 42. Bd1 Bxd1 43. Rxd1 Kxf6 44. Rf1+ Kg6 45.
Kg4 Rf8 46. Rf5 f6 47. Rc6 Be1 48. Rc1 Bh4 49. Rc7 Be1 50. Bxg5 fxg5 51.
Rxg5+ Kh6 52. Rh5+ Kg6 1/2-1/2

[Event "IX EICC"]
[Site "Plovdiv BUL"]
[Date "2008.04.21"]
[Round "1"]
[White "Llaneza Vega,M"]
[Black "Pelletier,Y"]
[Result "1/2-1/2"]
[WhiteElo "2425"]
[BlackElo "2607"]
[EventDate "2008.04.21"]

1. e4 e6 2. d4 d5 3. Nc3 dxe4 4. Nxe4 Nd7 5. Bd3 Ngf6 6. Bg5 h6 7. Bxf6
Nxf6 8. Nf3 Nxe4 9. Bxe4 c5 10. O-O cxd4 11. Qe2 Be7 12. Qb5+ Qd7 13. Nxd4
a6 14. Qc4 Bd6 15. Rad1 Qc7 16. Qxc7 Bxc7 17. c4 Ke7 18. c5 Rd8 19. b4 f5
20. Bc2 Be5 21. Nb3 Rxd1 22. Rxd1 Bc7 23. Nd4 Bd7 24. g3 Rd8 25. f4 g5 26.
Ne2 a5 27. a3 axb4 28. axb4 Ra8 29. Bb3 Ra3 30. Bc4 b6 31. fxg5 hxg5 32.
Nd4 bxc5 33. Nxe6 Bxe6 34. Re1 Ra1 35. Rxa1 Bxc4 36. bxc5 g4 37. Ra7 Kd7
38. Kf2 Kc6 39. Ke3 Be5 40. Re7 Bf6 1/2-1/2

[Event "IX EICC"]
[Site "Plovdiv BUL"]
[Date "2008.04.21"]
[Round "1"]
[White "Grecescu,G"]
[Black "Golod,V"]
[Result "0-1"]
[WhiteElo "2423"]
[BlackElo "2606"]
[EventDate "2008.04.21"]

1. c4 e6 2. b3 d5 3. Bb2 Nf6 4. Nf3 c5 5. e3 Nc6 6. cxd5 exd5 7. Bb5 Bd6 8.
O-O O-O 9. d4 cxd4 10. Bxc6 bxc6 11. Qxd4 Re8 12. Nbd2 c5 13. Qd3 Bb7 14.
Rfd1 Be7 15. Rac1 Qb6 16. Qc3 Bf8 17. Qc2 h6 18. Nh4 Rad8 19. Nf5 Qe6 20.
Ng3 d4 21. Nc4 Nd5 22. exd4 Nf4 23. d5 Rxd5 24. f3 Rg5 25. Re1 Qxe1+ 26.
Rxe1 Rxe1+ 27. Kf2 Rh1 28. Ke3 Nd5+ 29. Kf2 Nf4 30. Ke3 Rxh2 31. Kxf4 Rh4+
32. Ke3 Rxg3 33. Be5 Rg5 34. Qd2 Rxc4 35. bxc4 Rxe5+ 36. Kf2 Re6 37. Qd7
Rb6 38. a4 a5 39. Qc7 Rb4 40. Qxa5 Bc6 41. Qa6 Bxa4 0-1

[Event "IX EICC"]
[Site "Plovdiv BUL"]
[Date "2008.04.21"]
[Round "1"]
[White "Fedorov,Alex"]
[Black "Chirila,I"]
[Result "1-0"]
[WhiteElo "2603"]
[BlackElo "2422"]
[EventDate "2008.04.21"]

1. e4 c5 2. Nf3 Nc6 3. d4 cxd4 4. Nxd4 Qb6 5. Nb3 Nf6 6. Nc3 e6 7. Qe2 d6
8. g4 a6 9. Be3 Qc7 10. O-O-O b5 11. f3 Nd7 12. Qf2 Rb8 13. g5 Nb6 14. Kb1
Na4 15. Bd2 g6 16. Nxa4 bxa4 17. Bc3 e5 18. Nd2 Be6 19. f4 Nb4 20. Bxb4
Rxb4 21. a3 Rb8 22. f5 gxf5 23. exf5 Bd5 24. Rg1 Qb7 25. b4 axb3 26. c4 Bc6
27. Bg2 Be7 28. Qe2 Rc8 29. Bxc6+ Qxc6 30. Rg3 h6 31. f6 Bf8 32. g6 fxg6
33. Rxg6 Rh7 34. Rg8 Rf7 35. Qh5 Qb7 36. Qg6 d5 37. Rxf8+ Kxf8 38. Rg1 Ke8
39. Qg8+ Rf8 40. Qe6+ Kd8 41. Rg7 1-0

[Event "IX EICC"]
[Site "Plovdiv BUL"]
[Date "2008.04.21"]
[Round "1"]
[White "Banikas,H"]
[Black "Balog,I1"]
[Result "1/2-1/2"]
[WhiteElo "2600"]
[BlackElo "2415"]
[EventDate "2008.04.21"]

1. d4 Nf6 2. c4 g6 3. Nc3 d5 4. cxd5 Nxd5 5. e4 Nxc3 6. bxc3 c5 7. Bc4 Bg7
8. Ne2 O-O 9. O-O Nc6 10. Be3 Qc7 11. Rc1 Rd8 12. Qe1 Qa5 13. Rd1 cxd4 14.
cxd4 Qxe1 15. Rfxe1 Bd7 16. Rb1 b5 17. Bxb5 Nxd4 18. Nxd4 Bxd4 19. Bxd4
Bxb5 20. Bc5 Bd3 21. Rbc1 Rd7 22. f3 Rc8 23. Bb4 Rc4 24. a3 Kf8 25. Kf2 Ke8
26. Rxc4 Bxc4 27. Rc1 Rc7 28. g4 Rc6 29. h4 Bb5 30. Rd1 a6 31. g5 Rc2+ 32.
Kg3 Rc8 33. Ba5 Bd7 34. Kf4 f5 35. Bb4 fxe4 36. fxe4 Rc2 37. Rd5 Be6 38.
Ra5 Rc6 39. Ke5 Bc4 40. Rc5 Rxc5+ 1/2-1/2

[Event "IX EICC"]
[Site "Plovdiv BUL"]
[Date "2008.04.21"]
[Round "1"]
[White "Milchev,N"]
[Black "L'Ami,E"]
[Result "0-1"]
[WhiteElo "2415"]
[BlackElo "2600"]
[EventDate "2008.04.21"]

1. Nf3 Nf6 2. c4 b6 3. g3 Bb7 4. Bg2 e6 5. O-O Be7 6. d4 O-O 7. Nc3 Ne4 8.
Qc2 Nxc3 9. Qxc3 f5 10. c5 Bd5 11. Ne5 Bxg2 12. Kxg2 Bf6 13. Rd1 c6 14. Nd3
Na6 15. Bf4 Nc7 16. Bxc7 Qxc7 17. f4 a5 18. Ne5 bxc5 19. dxc5 Bxe5 20. fxe5
Rab8 21. Rd6 Rf7 22. Rad1 Qa7 23. R1d4 Rb5 24. Rc4 h6 25. b3 Kh7 26. Qd4 g5
27. Qc3 Kg6 28. Qd4 Rb4 29. Qc3 Qa6 30. Rdd4 Rb7 31. Kf3 Qa8 32. Qd3 Qh8
33. Qe3 Rb5 34. Kf2 Qg7 35. a4 Rb7 36. Ke1 Rf8 37. Rd3 Rfb8 38. Rcd4 Qe7
39. Rd6 Ra7 40. R3d4 Rf8 41. Rc4 Kg7 42. Kd2 Rf7 43. Kc2 Qe8 44. Rcd4 Re7
45. Qd2 Qf7 46. Kb2 Kf8 47. Ka3 Qg7 48. Qe3 Re8 49. Rc4 Rb8 50. Rd3 Rab7
51. Qd4 Ke8 52. Qe3 g4 53. h4 gxh3 54. Rh4 Rb4 55. Rxh3 R8b7 56. Qxh6 Qxe5
57. Qg6+ Kf8 58. Qh6+ Ke8 59. Qg6+ Kf8 60. Qh6+ Ke8 61. Qh8+ Qxh8 62. Rxh8+
Ke7 63. Rh7+ Kf6 64. Rh8 Re4 65. Ra8 Rxe2 66. Rxa5 e5 67. Ra8 e4 68. Rd6+
Ke7 69. Rh8 Re3 70. Rh7+ Kd8 71. Ka2 Rxg3 72. Rh8+ Kc7 73. Rh7 Rgxb3 74.
Rhxd7+ Kb8 75. Rd8+ Ka7 76. Rxc6 Rb2+ 77. Ka1 R2b4 78. Rb6 0-1

[Event "IX EICC"]
[Site "Plovdiv BUL"]
[Date "2008.04.21"]
[Round "1"]
[White "Macieja,B"]
[Black "Dimitrov,Pa"]
[Result "1-0"]
[WhiteElo "2599"]
[BlackElo "2414"]
[EventDate "2008.04.21"]

1. d4 Nf6 2. Nf3 d5 3. c4 c6 4. Nc3 g6 5. Bf4 a6 6. a4 Bg7 7. e3 O-O 8. Qb3
Qa5 9. Qa3 c5 10. Qxc5 Qxc5 11. dxc5 dxc4 12. a5 Nbd7 13. c6 bxc6 14. Bxc4
e6 15. e4 e5 16. Nxe5 Nxe5 17. Bxe5 Re8 18. Bxf6 Bxf6 19. f3 Rb8 20. O-O-O
Re5 21. Rd6 Bg5+ 22. Kc2 Rc5 23. b3 Be7 24. Rdd1 Rxa5 25. Ra1 Rc5 26. Na4
Rh5 27. Nb2 Bf6 28. Ra4 a5 29. h3 Rg5 30. g4 Bxb2 31. Kxb2 Be6 32. Rc1 Bxc4
33. Raxc4 Rb6 34. R1c3 Rgb5 35. Kc2 Kg7 36. f4 h5 37. g5 Rb4 38. h4 c5 39.
f5 gxf5 40. exf5 Rb7 41. Rxb4 cxb4 42. f6+ Kg6 43. Rc8 a4 44. bxa4 b3+ 45.
Kb2 Rb4 46. Rg8+ Kf5 47. Rg7 Ke6 48. a5 Rxh4 49. Kxb3 Rh1 50. Rh7 h4 51. a6
Rb1+ 52. Kc2 Rb8 53. Rxh4 Kf5 54. a7 Ra8 55. Ra4 Kxg5 56. Ra6 Kf5 57. Kd3
Ke5 58. Kc4 Rc8+ 59. Kb5 Ra8 60. Kc6 Rc8+ 61. Kb7 Rd8 62. a8=Q 1-0

[Event "IX EICC"]
[Site "Plovdiv BUL"]
[Date "2008.04.21"]
[Round "1"]
[White "Schroll,G"]
[Black "Damljanovic,B"]
[Result "1-0"]
[WhiteElo "2410"]
[BlackElo "2595"]
[EventDate "2008.04.21"]

1. d4 Nf6 2. Nf3 c5 3. d5 g6 4. Nc3 Bg7 5. e4 d6 6. h3 O-O 7. Bf4 b5 8.
Bxb5 Nxe4 9. Nxe4 Qa5+ 10. Nc3 Bxc3+ 11. bxc3 Qxb5 12. Nd2 Nd7 13. c4 Qa4
14. O-O Nb6 15. Re1 Re8 16. Qf3 Bd7 17. Re2 e5 18. dxe6 fxe6 19. Bxd6 Bc6
20. Qc3 Nd7 21. Rae1 e5 22. Bxe5 Qb4 23. Qxb4 cxb4 24. Bd6 Rxe2 25. Rxe2 a5
26. Re7 Ra6 27. f3 Ba4 28. Ne4 Bc6 29. c5 Bxe4 30. fxe4 Nf6 31. Kf2 1-0

[Event "IX EICC"]
[Site "Plovdiv BUL"]
[Date "2008.04.21"]
[Round "1"]
[White "Kempinski,R"]
[Black "Loeffler,S"]
[Result "1-0"]
[WhiteElo "2595"]
[BlackElo "2409"]
[EventDate "2008.04.21"]

1. d4 d5 2. Nf3 c6 3. e3 Bg4 4. h3 Bh5 5. c4 e6 6. Qb3 Qc7 7. Nc3 Nd7 8.
Bd2 Ngf6 9. Rc1 Bxf3 10. gxf3 Nb6 11. cxd5 exd5 12. e4 Qe7 13. e5 Nh5 14.
Bd3 f6 15. Kd1 fxe5 16. Re1 Qh4 17. Rxe5+ Be7 18. Bg5 Qxg5 19. Rxg5 Bxg5
20. Rc2 Nf4 21. Bf1 O-O 22. Ne4 Ne6 23. Nxg5 Nxg5 24. Be2 Rae8 25. a4 Ne6
26. Rd2 Rf4 27. Qb4 Rc8 28. a5 c5 29. Qa3 Nd7 30. dxc5 Ndxc5 31. b4 Nd7 32.
Rxd5 1-0

[Event "IX EICC"]
[Site "Plovdiv BUL"]
[Date "2008.04.21"]
[Round "1"]
[White "Dimitrov,R"]
[Black "Lysyj,I"]
[Result "1/2-1/2"]
[WhiteElo "2409"]
[BlackElo "2595"]
[EventDate "2008.04.21"]

1. c4 e6 2. Nc3 b6 3. d4 Bb4 4. e4 Bb7 5. Bd3 f5 6. Qe2 Nf6 7. Bg5 fxe4 8.
Bxe4 Bxe4 9. Bxf6 Qxf6 10. Qxe4 Nc6 11. Nf3 O-O 12. O-O Bxc3 13. bxc3 Qf5
14. Rfe1 Rae8 15. Rad1 Na5 16. Qe2 d6 17. h3 h6 18. c5 Qd5 19. Qa6 Rf7 20.
Qb5 Ref8 21. a4 c6 22. Qe2 dxc5 23. Qxe6 Qxe6 24. Rxe6 cxd4 25. Rxd4 c5 26.
Rg4 Rf6 27. Re7 R6f7 28. Re6 Rf6 29. Re7 R8f7 30. Re8+ Rf8 1/2-1/2